00697nam a22002177a 450000500170000000800410001701000150005802000260007303500130009903700130011204000130012508200100013810000030014824501130015126000420026427001000030630000270040650000190043365000030045270000240045520110913165136.0110913t xxu||||| |||| 00| 0 eng d aENG-103680 a9789350350638c450.00 aEN-87213 bDBAD/PUB aDPLbEng00a340.91 10aSelect essays on private international law /cedited by Lakshmi Jambholkar ; foreworded by Rahmatullah Khan aDelhibUniversal Law Publishingc2011 aC-FF-1A, Dikhush Industrial Estate (Near Azadpur Metro Station) G.T. Karnal RoadbDelhie110033 axxiv,268p. c25cm (Hb) aIncludes index 0 aJambholkar, Lakshmi